00807nam a2200241 450000100060000000300080000600500170001400800410003103500190007204000320009104100110012308200210013410000310015524500900018626000450027630000210032149000320034250000700037450400490044465000260049365000230051970000230054233287BD-RjUL20211209052000.0140510s1967 enk b 001 0 eng d a(BD-RjUL)33378 aDLCcDLCdDLCdBD-RjULbeng1 aengfre00a301.24bARL 19671 aAron, Raymond,d1905-1983.10a18 lectures on industrial society /ctranslated [from the French] by M. K. Bottomore. aLondon :bWeidenfeld & Nicolson,cc1967. a 253 p. ;c22cm.0 aThe Nature of human society aTranslation of Dix-huit leçons sur la société industrielle. aInclude index and Bibliographical footnotes. 0aEconomic development. 0aIndustrialization.1 a Bottomore, M. K.